1020 1921 1712 1055 1443 1422 1885 1479 1348 1662 1804 1732 1519 1245 1288 1621 1923 1771 1173 1392 1982 1245 1031 1839 1375 1436 1177 1036 1222 1578 1594 1820 1739 1150 1417 1529 1356 1266 1499 1768 1605 1053 1372 1479 1372 1105 1255 1482 1515 1907 1174 1331 1210 1920 1702 1584 1892 1089 1728 1859 1626 1065 1889 1875 1179 1336 1217 1885 1265 1137 1491 1274 1359 1647 1932 1187 1469 1438 1801 1761 1093 1334 1764 1739 1023 1996 1598 1899 1633 1044 1050 1122 1485 1877 1873 1266 1734 1277 1821 BCNSPRNW ULIB Ver.6.0+V

เปลี่ยนเป็นภาษาไทย

Change to English
 แสดงรายละเอียดบรรณานุกรม
  กลับหน้าหลัก

Brief Record : Get Marc (ISO 2709) : E-mail record : QR code < ปิดหน้าต่าง
LEADER : 00000nam 2200000uu 4500
001    13399113531
003     ULIB
008    111124s2551||||th 000 0 tha d
020    ^a9789740417378
090    ^aนว.^bย111ค 2551
100 0  ^aYayoi
245 00 ^aฝากฟ้าเคียงดิน/^cYayoi
250    ^aพิมพ์ครั้งที่ 2
260    ^aกรุงเทพฯ :^bแจ่มใส
300    ^a303 หน้า
710 1  ^aแจ่มใส
945    ^p209^l0^i15027
995    ^aกัณชพร
999    ^aใช้งานได้ทุกระบบ
รายการนี้ยังไม่มีแท็ก
คุณยังไม่ได้ล็อกอิน คุณสามารถมีกิจกรรมร่วมกับเว็บไซต์ได้ แต่ต้องล็อกอินก่อน ::
  ล็อกอิน

รายการสื่อสารสนเทศ

ลำดับที่ ประเภท เลขเรียก/บาร์โค้ด สถานที่ สถานะ
1. วิทยาศาสตร์การแพทย์ และสุขภาพ
วิทยาศาสตร์การแพทย์ และสุขภาพ
นว. ย111ค 2551  
  Barcode: 15027
ห้องสมุดวิทยาเขตสวรรค์ประชารักษ์
►นวนิยาย
บนชั้น
  ขอยืม

รายการใกล้เคียง
    ผู้แต่ง [Yayoi]

BibComment


ยังไม่เคยถูกคอมเมนท์

คอมเมนท์ทรัพยากรรายการนี้
  คอมเมนท์: ฝากฟ้าเคียงดิน Y..


 Copyright 2026. Bcnsprnw @Library